BIBLIOTECA

SENCICO

Obra poética (Registro nro. 2632)

Detalles MARC
000 -LEADER
fixed length control field 00348nam a2200169Ia 4500
005 - DATE AND TIME OF LATEST TRANSACTION
control field 20251020182548.0
008 - FIXED-LENGTH DATA ELEMENTS--GENERAL INFORMATION
fixed length control field 200515s9999 xx 000 0 und d
082 ## - DEWEY DECIMAL CLASSIFICATION NUMBER
Classification number 860-1(85)C46
100 ## - MAIN ENTRY--PERSONAL NAME
Personal name MORO, César
245 #0 - TITLE STATEMENT
Title Obra poética
260 ## - PUBLICATION, DISTRIBUTION, ETC.
Place of publication, distribution, etc. Lima
260 ## - PUBLICATION, DISTRIBUTION, ETC.
Date of publication, distribution, etc. 1980
300 ## - PHYSICAL DESCRIPTION
Extent 275
650 ## - SUBJECT ADDED ENTRY--TOPICAL TERM
Topical term or geographic name entry element LIB
650 ## - SUBJECT ADDED ENTRY--TOPICAL TERM
Topical term or geographic name entry element POESIA
942 ## - ADDED ENTRY ELEMENTS (KOHA)
Koha item type Libros
Existencias
Fecha de la última vez que lo usaron Pago total Signatura topográfica completa Código de barras Precio efectivo desde Tipo de documento Estado perdido Estado dañado No es para préstamo Retirado Ubicación permanente Ubicación actual Fecha de adquisición
15/05/2020   860-1(85)C46 Bib-Lima15052632 15/05/2020 Libros         Biblioteca Central Lima Biblioteca Central Lima 15/05/2020